| 000 | 00968nam a2200265Ia 4500 | ||
|---|---|---|---|
| 001 | 21785 | ||
| 005 | 20260320113312.0 | ||
| 008 | 260320s9999||||xx |||||||||||||| ||und|| | ||
| 020 | _a9789972517112 | ||
| 041 | _aESP | ||
| 082 |
_a610.711 _bR78 |
||
| 100 |
_aRojas, Daniel, _eAUT |
||
| 245 | 0 |
_aDiario de un interno de medicina : _baproximaciones a la educación médica y al sistema de salud en Lima, Perú |
|
| 246 |
_a _5 _b |
||
| 250 | _aPrimera edición, primera reimpresión | ||
| 260 |
_a _bIEP Instituto de Estudios Peruanos, _c2019 |
||
| 300 |
_a174 páginas : _b _c21 cm. _e |
||
| 440 |
_a(Salud y sociedad _n; número 5) _v |
||
| 650 | _aTCA | ||
| 653 | _aEducación médica -Perú; Internos (Medicina) - Perú - Diarios; Salud pública - Perú | ||
| 654 | _aCCS | ||
| 700 |
_aYon Leau, Carmen, _cPRO |
||
| 856 |
_uhttps://www-clinicalkey-com.ucsp.lookproxy.com/student/login _zVéase además: Base de datos ClinicalKey |
||
| 942 |
_cLIB _dJUS _fMAT _2ddc _n |
||
| 999 |
_c21785 _d21785 |
||